000
00231 a2200097 4500
001
48152
100
_a
Chuechill, W.S
245
_a
History of English speaking people
260
_a
London
_b
Cassell and Co
_c
090
_c
31121
_d
31121
942
_a
NUST-CAE
_c
M
_c
23472
999
_c
283225
_d
283225